<?xml version="1.0" encoding="UTF-8"?>
<collection xmlns="http://www.loc.gov/MARC21/slim">
  <record>
    <leader>00000nam  2200000   4500</leader>
    <controlfield tag="001">INLIS000000000000406</controlfield>
    <controlfield tag="005">20190402091910</controlfield>
    <datafield tag="035" ind1="#" ind2="#">
      <subfield code="a">0010-0718000406</subfield>
    </datafield>
    <controlfield tag="008">190402################g##########0#ind##</controlfield>
    <datafield tag="041" ind1=" " ind2=" ">
      <subfield code="a">id</subfield>
    </datafield>
    <datafield tag="082" ind1="#" ind2="#">
      <subfield code="a">100</subfield>
    </datafield>
    <datafield tag="090" ind1=" " ind2=" ">
      <subfield code="a">100 Peu o</subfield>
    </datafield>
    <datafield tag="100" ind1=" " ind2="#">
      <subfield code="a">Peursen, C.A. Van</subfield>
    </datafield>
    <datafield tag="245" ind1="1" ind2="#">
      <subfield code="a">Orientasi di Alam Filsafat: Sebuah Pengantar dalam Permasalahan Filsafat /</subfield>
      <subfield code="c">C.A. Van Peursen</subfield>
    </datafield>
    <datafield tag="250" ind1="#" ind2="#">
      <subfield code="a">Cet.4</subfield>
    </datafield>
    <datafield tag="260" ind1="#" ind2="#">
      <subfield code="a">Jakarta :</subfield>
      <subfield code="b">Gramedia,</subfield>
      <subfield code="c">1985</subfield>
    </datafield>
    <datafield tag="650" ind1=" " ind2="#">
      <subfield code="a">Filsafat</subfield>
    </datafield>
    <datafield tag="300" ind1="#" ind2="#">
      <subfield code="a">261 hlm ;</subfield>
      <subfield code="c">25 cm</subfield>
    </datafield>
    <datafield tag="856" ind1="#" ind2="#">
      <subfield code="a">Perpustakaan Lembaga Administrasi Negara</subfield>
    </datafield>
    <datafield tag="084" ind1="#" ind2="#">
      <subfield code="a">100 Peu o</subfield>
    </datafield>
    <datafield tag="520" ind1="#" ind2="#">
      <subfield code="a">Buku ini terdiri dari lima sub judul dan lima belas bab. A. Pengetahuan Kita (I. Filsafat dan Hidup Sehari-hari; II. Masalah Pengetahuan Kita; III. Filsafat Sebagai Analisa; IV. Susunan Dan Cakrawala Pengetahuan;). B. Ada Yang Menopang Kita (V. Konsep Substansi; VI. ada dan Wajahnya). C. Pandangan Dunia (VII. Filsafat dan Religi; VIII. Agama Kristen dan Filsafat. IX. Agama Islam dan Filsafat.). D. Dunia Sekitar Kita.. (X. Alam Kebendaan; XI Faham Materialisme dan Materialisme Dialektis; XII Kehidupan; XIII. Vitalisme; E. Manusia. (XIV. Evolusi dan Manusia; XV. Manusia dan Sesamanya; XVI. Kejasmanian dan Roh.</subfield>
    </datafield>
    <datafield tag="990" ind1="#" ind2="#">
      <subfield code="a">140316526</subfield>
    </datafield>
    <datafield tag="990" ind1="#" ind2="#">
      <subfield code="a">140316483</subfield>
    </datafield>
  </record>
</collection>
